Normal view
MARC view
- Kloos, Carles Delgado
Entry Personal Name
001 - CONTROL NUMBER
- control field: 66462
003 - CONTROL NUMBER IDENTIFIER
- control field: NUST
005 - DATE AND TIME OF LATEST TRANSACTION
- control field: 20210628203609.0
008 - FIXED-LENGTH DATA ELEMENTS
- fixed length control field: 210628|| aca||aabn | a|a d
040 ## - CATALOGING SOURCE
- Original cataloging agency: NUST
- Transcribing agency: NUST
100 ## - HEADING--PERSONAL NAME
- Personal name: Kloos, Carles Delgado
670 ## - SOURCE DATA FOUND
- Source citation: Work cat.: (NUST): Kloos, Carles Delgado, Semantics of digital circuits, 1987
